Współczesne Państwa Austro-Węgier na Mapie - Statystyki

Ogólne statystyki
  • Ten quiz został rozwiązany 17 535 razy
  • Średni wynik to 12 z 13
Odpowiedzi na mapie
Odpowiedzi zakodowano w zielono-czerwonej skali na mapie do tego quizu, zgodnie z poniższymi procentami.
 
Statystyki odpowiedzi
Państwo % Poprawnych
Austria
99%
Czechy
99%
Słowacja
99%
Węgry
99%
Chorwacja
98%
Polska
96%
Rumunia
96%
Słowenia
96%
Bośnia i Hercegowina
95%
Ukraina
95%
Serbia
93%
Włochy
91%
Czarnogóra
86%
Nie znaleziono quizów pasujących do podanych kryteriów
Rozkład punktacji
Procent ludzi z każdym wynikiem
Percentyl według liczby udzielonych odpowiedzi
Twoja historia wyników
Nie rozwiązałeś tego quizu